Contribution à une meilleure pratique de l'évaluation de la performance des réactifs destinés au dépistage de l'infection à VIH/SIDA (Record no. 48133)
[ view plain ]
| 000 -LEADER | |
|---|---|
| fixed length control field | 00533nam a22001697a 4500 |
| 003 - CONTROL NUMBER IDENTIFIER | |
| control field | 0 |
| 005 - DATE AND TIME OF LATEST TRANSACTION | |
| control field | 20160609170012.0 |
| 008 - FIXED-LENGTH DATA ELEMENTS--GENERAL INFORMATION | |
| fixed length control field | 101110t xxu||||| |||| 00| 0 eng d |
| 040 ## - SOURCE DU CATALOGAGE | |
| Original cataloging agency | BUAC |
| Transcribing agency | BEPAC |
| 100 ## - VEDETTE PRINCIPALE - NOM DE PERSONNE | |
| Personal name | Houeto , Prisca |
| 9 (RLIN) | 10660 |
| 130 ## - VEDETTE PRINCIPALE - TITRE UNIFORME | |
| Language of a work | fr |
| 9 (RLIN) | 10661 |
| 245 ## - TITLE STATEMENT | |
| Title | Contribution à une meilleure pratique de l'évaluation de la performance des réactifs destinés au dépistage de l'infection à VIH/SIDA |
| 300 ## - PHYSICAL DESCRIPTION | |
| Extent | XVI-55p. |
| 650 ## - SUBJECT ADDED ENTRY--TOPICAL TERM | |
| Topical term or geographic name as entry element | INFECTION |
| Topical term following geographic name as entry element | VIH/SIDA |
| 9 (RLIN) | 10662 |
| 700 ## - ADDED ENTRY--PERSONAL NAME | |
| Personal name | Kpodohoun , Inès |
| 9 (RLIN) | 10663 |
| 942 ## - ADDED ENTRY ELEMENTS (KOHA) | |
| Koha item type | Thèse et Memoire |
| Withdrawn status | Lost status | Damaged status | Not for loan | Location (home branch) | Sublocation or collection (holding branch) | Date acquired | Source of acquisition | Koha issues (times borrowed) | Koha full call number | Piece designation (barcode) | Koha date last seen | Copy number | Price effective from | Koha item type |
|---|---|---|---|---|---|---|---|---|---|---|---|---|---|---|
| Bibliothèque Ecole Polytechnique d'Abomey-Calavi | Bibliothèque Ecole Polytechnique d'Abomey-Calavi | 10/11/2010 | Dépot légal | 26/ABM/HOU | M16070EPAC | 10/11/2010 | 1 | 10/11/2010 | Thèse et Memoire | |||||
| Bibliothèque Ecole Polytechnique d'Abomey-Calavi | Bibliothèque Ecole Polytechnique d'Abomey-Calavi | 10/11/2010 | Dépot légal | 26/ABM/HOU | M16071EPAC | 10/11/2010 | 2 | 10/11/2010 | Thèse et Memoire | |||||
| Bibliothèque Ecole Polytechnique d'Abomey-Calavi | Bibliothèque Ecole Polytechnique d'Abomey-Calavi | 10/11/2010 | Dépot légal | 26/ABM/HOU | M16072EPAC | 10/11/2010 | 3 | 10/11/2010 | Thèse et Memoire |